[Event "Chennai op 13th"]
[Site "Chennai"]
[Date "2022.06.22"]
[Round "5"]
[White "Murali Krishnan, BT."]
[Black "Deepan Chakkravarthy, J."]
[Result "1/2-1/2"]
[WhiteElo "2208"]
[BlackElo "2478"]
[PlyCount "74"]
[EventDate "2022.06.19"]
[EventType "swiss"]
[EventRounds "10"]
[EventCountry "IND"]
[SourceTitle "CBM 209 Extra"]
[Source "ChessBase"]
[SourceDate "2022.09.30"]
[SourceVersion "1"]
[SourceVersionDate "2022.09.30"]
[SourceQuality "1"]

1. d4 Nf6 2. Nf3 g6 3. c4 Bg7 4. g3 0-0 5. Bg2 d5 6. cxd5 Nxd5 7. 0-0 Nc6 8. Nc3 Nb6 9. e3 Re8 10. h3 a5 11. Na4 Nxa4 12. Qxa4 e5 13. dxe5 Nxe5 14. Nxe5 Bxe5 15. Rd1 Qe7 16. Bd2 Bxb2 17. Rab1 Be5 18. Bxb7 Bxb7 19. Rxb7 Qe6 20. Kh2 Qd5 21. Rbb1 Qf3 22. Be1 h5 23. Kg1 Bd6 24. Qc4 Rab8 25. h4 Rb2 26. Rxb2 Qxd1 27. Qe2 Qxe2 28. Rxe2 a4 29. Rb2 f5 30. Kf1 Kf7 31. Ke2 Ke6 32. Rb5 Kd7 33. Kd3 Kc6 34. Ra5 a3 35. Ra6+ Kb5 36. Ra5+ Kb6 37. Ra4 Kb5 1/2-1/2

[Event "Chennai op 12th"]
[Site "Chennai"]
[Date "2020.01.23"]
[Round "8"]
[White "Khusenkhojaev, Muhammad"]
[Black "Murali Krishnan, BT."]
[Result "1-0"]
[WhiteElo "2420"]
[BlackElo "2202"]
[PlyCount "183"]
[EventDate "2020.01.18"]
[EventType "swiss"]
[EventRounds "10"]
[EventCountry "IND"]
[SourceTitle "CBM 194 Extra"]
[Source "ChessBase"]
[SourceDate "2020.03.31"]
[SourceVersion "1"]
[SourceVersionDate "2020.03.31"]
[SourceQuality "1"]

1. c4 e6 2. Nf3 d5 3. d4 dxc4 4. g3 c5 5. Bg2 cxd4 6. Qxd4 Qxd4 7. Nxd4 a6 8. Nd2 Bc5 9. Nc2 Nc6 10. Nxc4 Bd7 11. Be3 Bxe3 12. N2xe3 Ke7 13. Nb6 Rb8 14. 0-0-0 Nf6 15. g4 h6 16. h4 Be8 17. f4 Rd8 18. Rxd8 Kxd8 19. Rd1+ Kc7 20. Nbc4 Nd8 21. Bf3 Bb5 22. Rd2 Re8 23. Nd6 Re7 24. Nxb5+ axb5 25. Rd3 Nc6 26. Nc2 Rd7 27. Rb3 Nd5 28. e3 Kb6 29. a4 Na7 30. Na3 Ka5 31. axb5 Nb4 32. b6 Nac6 33. Nc4+ Ka4 34. Ra3+ Kb5 35. Be2 Kc5 36. b3 Nd5 37. Ra8 Nxb6 38. b4+ Kb5 39. Nxb6+ Kxb6 40. Rg8 f6 41. b5 Na7 42. Re8 Nxb5 43. Rxe6+ Kc5 44. g5 hxg5 45. hxg5 Nc7 46. Re4 fxg5 47. fxg5 Nd5 48. Rc4+ Kd6 49. Kd2 Ke5 50. Bd3 Rf7 51. Re4+ Kd6 52. Rd4 Kc5 53. Rc4+ Kd6 54. Be4 Ke5 55. Kd3 b6 56. Rd4 Rd7 57. Kd2 Rd6 58. Bd3 Ke6 59. Re4+ Kf5 60. Rd4+ Ke6 61. Rc4 Ne7 62. Rb4 Nd5 63. Rb3 Ne7 64. Ke2 Nc6 65. Bc4+ Kf5 66. Rb5+ Ne5 67. Ba2 Rc6 68. Bb1+ Ke6 69. Be4 Rd6 70. Kf2 Nd7 71. Bf5+ Ke7 72. Kf3 Nc5 73. Rb4 Rd5 74. Kg4 Rd6 75. Kh5 Kf7 76. Bg6+ Ke7 77. Rf4 Re6 78. Rf7+ Kd6 79. Rxg7 Rxe3 80. Bf5 b5 81. Rf7 Ne4 82. g6 Ng3+ 83. Kg4 Nxf5 84. Rxf5 b4 85. g7 Re8 86. Rf8 Re1 87. g8Q Rg1+ 88. Kf3 Rxg8 89. Rxg8 Kd5 90. Ke3 Kc4 91. Kd2 Kb3 92. Kc1 1-0

[Event "Rajapalayam Ramco op"]
[Site "Rajapalayam"]
[Date "2019.12.02"]
[Round "6"]
[White "Laxman, Rajaram"]
[Black "Murali Krishnan, BT."]
[Result "1-0"]
[WhiteElo "2444"]
[BlackElo "2197"]
[PlyCount "113"]
[EventDate "2019.11.30"]
[EventType "swiss"]
[EventRounds "8"]
[EventCountry "IND"]
[SourceTitle "CBM 193 Extra"]
[Source "ChessBase"]
[SourceDate "2020.01.31"]
[SourceVersion "1"]
[SourceVersionDate "2020.01.31"]
[SourceQuality "1"]

1. d4 d5 2. Nf3 Nf6 3. e3 c5 4. c4 dxc4 5. Bxc4 e6 6. 0-0 a6 7. Bd3 Nc6 8. a3 b6 9. Nc3 Bb7 10. dxc5 Bxc5 11. b4 Bd6 12. Ne4 Nxe4 13. Bxe4 Rc8 14. Bb2 0-0 15. Rc1 Qe7 16. Bxc6 Rxc6 17. Rxc6 Bxc6 18. Qd4 f5 19. Rc1 Bxf3 20. gxf3 a5 21. bxa5 bxa5 22. a4 Rd8 23. f4 h6 24. h3 Kh7 25. Rc6 e5 26. Qd3 exf4 27. Qxf5+ g6 28. Qf6 fxe3 29. Qxe7+ Bxe7 30. Rc7 exf2+ 31. Kg2 Rd3 32. Rxe7+ Kg8 33. Rg7+ Kf8 34. Rxg6 f1Q+ 35. Kxf1 Rxh3 36. Ra6 Rh5 37. Bc3 Ke7 38. Bxa5 Kd7 39. Bd2 Rf5+ 40. Ke2 h5 41. Rh6 Kc7 42. a5 Re5+ 43. Be3 Kb8 44. a6 Re8 45. Kd3 Ka8 46. Bc5 h4 47. Rxh4 Rc8 48. Kc4 Rg8 49. Rh7 Re8 50. Kb5 Rb8+ 51. Bb6 Rg8 52. Bc7 Rg5+ 53. Kc6 Rg8 54. Rd7 Ka7 55. Kb5 Rg5+ 56. Be5+ Ka8 57. Kb6 1-0

[Event "Sivakasi op 4th"]
[Site "Sivakasi"]
[Date "2018.04.21"]
[Round "2"]
[White "Sivasubramanian, Manoj"]
[Black "Murali Krishnan, BT."]
[Result "0-1"]
[WhiteElo "1399"]
[BlackElo "2210"]
[PlyCount "132"]
[EventDate "2018.04.21"]
[EventType "swiss"]
[EventRounds "8"]
[EventCountry "IND"]
[SourceTitle "CBM 184 Extra"]
[Source "ChessBase"]
[SourceDate "2018.06.28"]
[SourceVersion "1"]
[SourceVersionDate "2018.06.28"]
[SourceQuality "1"]

1. e4 d5 2. exd5 Qxd5 3. Nf3 Nf6 4. d4 Bg4 5. Be2 c6 6. Bf4 e6 7. 0-0 Qd8 8. c4 Bd6 9. Ne5 Bxe2 10. Qxe2 0-0 11. Nc3 Qe7 12. Rad1 Nbd7 13. Rfe1 Rfe8 14. a3 Rad8 15. Bg5 h6 16. Bf4 Bb8 17. Rd3 Nf8 18. Red1 N6d7 19. Qd2 Nxe5 20. Bxe5 Ng6 21. Bxb8 Rxb8 22. Ne4 Red8 23. Qe3 b6 24. Ng3 Rb7 25. f4 Qf6 26. Ne2 Rbd7 27. b4 Ne7 28. g4 Qg6 29. Qf3 Qf6 30. Kg2 Qg6 31. Kf2 c5 32. b5 Nc8 33. f5 exf5 34. gxf5 Qf6 35. dxc5 Rxd3 36. Rxd3 Rxd3 37. Qxd3 bxc5 38. Ng3 Nd6 39. Kg2 Qb2+ 40. Kh3 Qd4 41. Qxd4 cxd4 42. c5 Nxb5 43. a4 Nc3 44. c6 Nxa4 45. Kg2 Kf8 46. Kf3 Ke7 47. c7 Kd7 48. Ke4 Kxc7 49. Nh5 g6 50. fxg6 fxg6 51. Nf6 Kd6 52. Kxd4 Ke6 53. Ne4 Nb6 54. Nc3 Nd7 55. Nb5 a5 56. Nc3 h5 57. Ke4 g5 58. Na4 Nf6+ 59. Kf3 Kf5 60. Nc3 g4+ 61. Ke3 Ke5 62. Na4 Nd5+ 63. Kf2 h4 64. Ke2 Kd4 65. Kf2 Nc3 66. Nb2 a4 0-1

[Event "Madurai op 1st"]
[Site "Madurai"]
[Date "2017.08.15"]
[Round "7"]
[White "Murali Krishnan, BT."]
[Black "Manigandan, SS."]
[Result "1/2-1/2"]
[WhiteElo "2219"]
[BlackElo "2078"]
[PlyCount "69"]
[EventDate "2017.08.12"]
[EventType "swiss"]
[EventRounds "8"]
[EventCountry "IND"]
[SourceTitle "CBM 180 Extra"]
[Source "ChessBase"]
[SourceDate "2017.10.06"]
[SourceVersion "1"]
[SourceVersionDate "2017.10.06"]
[SourceQuality "1"]

1. d4 Nf6 2. g3 d5 3. Bg2 g6 4. Nf3 Bg7 5. c4 c6 6. cxd5 cxd5 7. 0-0 0-0 8. Nc3 Nc6 9. Ne5 Bf5 10. Nxc6 bxc6 11. Bf4 Rc8 12. Na4 Nd7 13. Rc1 e5 14. Be3 Qa5 15. dxe5 Bxe5 16. b3 Nb6 17. Bd2 Qa6 18. Bc3 Rfe8 19. Nc5 Qxa2 20. Ra1 Qc2 21. Qxc2 Bxc2 22. Bxe5 Rxe5 23. e3 Rc7 24. Rfc1 Bf5 25. Na6 Rc8 26. Nc5 Re7 27. h3 h5 28. Ra5 Kg7 29. Rca1 Rcc7 30. Na6 Rb7 31. Nc5 Rbc7 32. Na6 Rb7 33. Nc5 Rb8 34. Rxa7 Rxa7 35. Rxa7 1/2-1/2

[Event "New Delhi Parsvnath op 15th"]
[Site "New Delhi"]
[Date "2017.01.16"]
[Round "10"]
[White "Murali Krishnan, BT."]
[Black "Iniyan, Panneerseluam"]
[Result "1/2-1/2"]
[WhiteElo "2255"]
[BlackElo "2363"]
[PlyCount "55"]
[EventDate "2017.01.09"]
[EventType "swiss"]
[EventRounds "10"]
[EventCountry "IND"]
[SourceTitle "CBM 176 Extra"]
[Source "ChessBase"]
[SourceDate "2017.03.02"]
[SourceVersion "1"]
[SourceVersionDate "2017.03.02"]
[SourceQuality "1"]

1. d4 Nf6 2. c4 g6 3. Nc3 Bg7 4. e4 d6 5. f3 0-0 6. Be3 c5 7. Nge2 Nc6 8. dxc5 dxc5 9. Qxd8 Rxd8 10. Bxc5 b6 11. Ba3 Ba6 12. Nb5 Rac8 13. Nec3 Bh6 14. Be2 Rd2 15. Rd1 Rxd1+ 16. Bxd1 e6 17. Kf2 Ne5 18. Be2 Nxc4 19. Bxc4 Rxc4 20. Rd1 Bxb5 21. Nxb5 Rc2+ 22. Kf1 Kg7 23. Rd8 Rc1+ 24. Ke2 Rc2+ 25. Kd1 Rc1+ 26. Ke2 Rc2+ 27. Ke1 Rc1+ 28. Ke2 1/2-1/2

[Event "IND-ch Challengers 54th"]
[Site "Noida"]
[Date "2016.07.19"]
[Round "13"]
[White "Kunal, M."]
[Black "Murali Krishnan, BT."]
[Result "1-0"]
[WhiteElo "2309"]
[BlackElo "2247"]
[PlyCount "75"]
[EventDate "2016.07.09"]
[EventType "swiss"]
[EventRounds "13"]
[EventCountry "IND"]
[SourceTitle "CBM 173 Extra"]
[Source "ChessBase"]
[SourceDate "2016.08.29"]
[SourceVersion "1"]
[SourceVersionDate "2016.08.29"]
[SourceQuality "1"]

1. d4 d5 2. Nc3 Bf5 3. f3 e6 4. e4 Bg6 5. Nh3 Bb4 6. Nf2 Nf6 7. e5 Nfd7 8. h4 h6 9. a3 Be7 10. h5 Bh7 11. Bf4 a6 12. Bd3 Bxd3 13. Nxd3 c5 14. dxc5 Nxc5 15. Nxc5 Bxc5 16. Qd2 Nc6 17. 0-0-0 Na5 18. Qd3 Nc4 19. Ne4 Qb6 20. Qb3 Rc8 21. Nxc5 Qxc5 22. Kb1 0-0 23. g4 Rc6 24. Qb4 Qf2 25. Rhf1 Qa7 26. Bc1 Rfc8 27. f4 Qb8 28. Qe1 Qc7 29. Rd3 Nb6 30. c3 Rc4 31. g5 Re4 32. Qg3 hxg5 33. Qxg5 Qd8 34. Qg2 Kh8 35. Rg1 Qf8 36. Rg3 Nc4 37. Rxg7 Ne3 38. Bxe3 1-0

[Event "IND-ch Challengers 54th"]
[Site "Noida"]
[Date "2016.07.13"]
[Round "7"]
[White "Gusain, Himal"]
[Black "Murali Krishnan, BT."]
[Result "1-0"]
[WhiteElo "2453"]
[BlackElo "2247"]
[PlyCount "69"]
[EventDate "2016.07.09"]
[EventType "swiss"]
[EventRounds "13"]
[EventCountry "IND"]
[SourceTitle "CBM 173 Extra"]
[Source "ChessBase"]
[SourceDate "2016.08.29"]
[SourceVersion "1"]
[SourceVersionDate "2016.08.29"]
[SourceQuality "1"]

1. e4 e6 2. d4 d5 3. Nc3 Nf6 4. e5 Nfd7 5. f4 c5 6. Nf3 Nc6 7. Be3 a6 8. Qd2 b5 9. dxc5 Bxc5 10. Bd3 Qa5 11. Bf2 b4 12. Nd1 Qb6 13. a3 bxa3 14. Rxa3 a5 15. 0-0 Ba6 16. Rb3 Qa7 17. Bxa6 Qxa6 18. f5 Bxf2+ 19. Nxf2 exf5 20. Qxd5 Nb4 21. Rxb4 axb4 22. Ng5 0-0 23. Qxd7 h6 24. Nf3 g6 25. Qd2 Kg7 26. b3 Rac8 27. Nd3 Rfd8 28. Qf2 Qb7 29. Nb2 Rc3 30. Re1 Qd5 31. h3 Ra8 32. Nd3 Rac8 33. Re2 Qa5 34. e6 Qd5 35. Nxb4 1-0

[Event "IND-ch Challengers 54th"]
[Site "Noida"]
[Date "2016.07.12"]
[Round "6"]
[White "Murali Krishnan, BT."]
[Black "Kunte, Abhijit"]
[Result "1/2-1/2"]
[WhiteElo "2247"]
[BlackElo "2495"]
[PlyCount "149"]
[EventDate "2016.07.09"]
[EventType "swiss"]
[EventRounds "13"]
[EventCountry "IND"]
[SourceTitle "CBM 173 Extra"]
[Source "ChessBase"]
[SourceDate "2016.08.29"]
[SourceVersion "1"]
[SourceVersionDate "2016.08.29"]
[SourceQuality "1"]

1. d4 Nf6 2. Nf3 e6 3. e3 b6 4. Bd3 Bb7 5. Nbd2 c5 6. 0-0 Be7 7. Re1 0-0 8. c3 cxd4 9. exd4 d6 10. a4 a6 11. Qe2 Re8 12. Ne4 Nbd7 13. Bf4 Nxe4 14. Bxe4 Bxe4 15. Qxe4 Nf6 16. Qd3 Qd7 17. h3 b5 18. Ra2 h6 19. Rea1 Nd5 20. Bd2 Nb6 21. axb5 axb5 22. Qe4 Rxa2 23. Rxa2 Nd5 24. Ne1 Qb7 25. Qd3 Qc6 26. Nc2 Qc4 27. Qxc4 bxc4 28. g3 Rb8 29. Kf1 Rb7 30. Ke2 Nf6 31. f3 d5 32. Ne3 Bd6 33. g4 Kh7 34. Ng2 Nd7 35. Bf4 Bxf4 36. Nxf4 g5 37. Ng2 h5 38. Ne3 hxg4 39. hxg4 Nf8 40. Nc2 Ng6 41. Nb4 Kg7 42. Ke3 Rb8 43. b3 cxb3 44. Rb2 Ra8 45. Nd3 Rb8 46. Nc1 f5 47. Rxb3 f4+ 48. Kf2 Rh8 49. Kg2 Ra8 50. Nd3 Kf6 51. Kf2 Ra2+ 52. Rb2 Ra3 53. Rc2 Ke7 54. Ke2 Kd6 55. Kd2 e5 56. dxe5+ Nxe5 57. Nxe5 Kxe5 58. Ke2 Kd6 59. Kd3 Ra1 60. Rh2 Re1 61. Rh5 Kc5 62. Rxg5 Re3+ 63. Kd2 Rxf3 64. Rg6 Rg3 65. g5 d4 66. cxd4+ Kxd4 67. Ke2 Ke4 68. Ra6 Rg2+ 69. Kf1 Rxg5 70. Ra4+ Kf3 71. Ra3+ Kg4 72. Rb3 Ra5 73. Rc3 Ra1+ 74. Kf2 Ra2+ 75. Kf1 1/2-1/2

[Event "Kolkata GM op 2nd"]
[Site "Kolkata"]
[Date "2015.03.16"]
[Round "1"]
[White "Short, Nigel D"]
[Black "Murali Krishnan, BT."]
[Result "1-0"]
[WhiteElo "2664"]
[BlackElo "2274"]
[PlyCount "81"]
[EventDate "2015.03.16"]
[EventType "swiss"]
[EventRounds "9"]
[EventCountry "IND"]
[SourceTitle "CBM 165 Extra"]
[Source "ChessBase"]
[SourceDate "2015.04.21"]
[SourceVersion "1"]
[SourceVersionDate "2015.04.21"]
[SourceQuality "1"]

1. c4 e6 2. g3 d5 3. Bg2 Nf6 4. Nf3 d4 5. 0-0 c5 6. e3 Nc6 7. exd4 cxd4 8. d3 Be7 9. Re1 0-0 10. Nbd2 Nd7 11. a3 a5 12. Rb1 Rb8 13. Qc2 b6 14. Nf1 Ba6 15. Bd2 Rc8 16. b4 b5 17. h4 Re8 18. N1h2 Bd6 19. c5 Bf8 20. Ng4 Qc7 21. Qb3 a4 22. Qa2 Bb7 23. Bf4 e5 24. Nfxe5 Ncxe5 25. Nxe5 Nxe5 26. Rxe5 Rxe5 27. Bxe5 Qxe5 28. Bxb7 Rd8 29. Bc6 Rb8 30. Kf1 g5 31. hxg5 Qxg5 32. Re1 h5 33. Re4 Bg7 34. Kg2 Qg6 35. Bd5 Rf8 36. Qe2 Bf6 37. Rf4 Kg7 38. Be4 Qh6 39. Rf5 Rh8 40. c6 Bd8 41. Qf3 1-0

[Event "New Delhi Parsvnath op 13th"]
[Site "New Delhi"]
[Date "2015.01.16"]
[Round "10"]
[White "Neverov, Valeriy"]
[Black "Murali Krishnan, BT."]
[Result "1-0"]
[WhiteElo "2501"]
[BlackElo "2283"]
[PlyCount "81"]
[EventDate "2015.01.09"]
[EventType "tourn"]
[EventRounds "10"]
[EventCountry "IND"]
[SourceTitle "CBM 164 Extra"]
[Source "ChessBase"]
[SourceDate "2015.03.02"]
[SourceVersion "1"]
[SourceVersionDate "2015.03.02"]
[SourceQuality "1"]

1. d4 d5 2. c4 dxc4 3. e4 c5 4. d5 Nf6 5. Nc3 e6 6. Bxc4 exd5 7. Nxd5 Nxd5 8. Bxd5 Be7 9. Ne2 0-0 10. 0-0 Nd7 11. Nc3 Nb6 12. Bf4 Nxd5 13. Nxd5 Bd6 14. Qf3 Bxf4 15. Qxf4 Be6 16. Rad1 Rc8 17. Rfe1 Re8 18. Re3 b5 19. h4 c4 20. Rg3 Kh8 21. Nc3 Qb6 22. Qg5 Rg8 23. Qxb5 Qxb5 24. Nxb5 Rb8 25. Nc7 Rxb2 26. Nxe6 fxe6 27. Rc3 Rxa2 28. Rxc4 h6 29. Rc7 Rf8 30. f3 Rf4 31. Rd8+ Kh7 32. Rdd7 Ra1+ 33. Kf2 Ra2+ 34. Kg3 Rf6 35. h5 Ra5 36. Rxg7+ Kh8 37. Rh7+ Kg8 38. Rcg7+ Kf8 39. Rxa7 Rxa7 40. Rxa7 Kg8 41. Kg4 1-0

[Event "New Delhi Parsvnath op 13th"]
[Site "New Delhi"]
[Date "2015.01.14"]
[Round "8"]
[White "Bhambure, Shantanu"]
[Black "Murali Krishnan, BT."]
[Result "0-1"]
[WhiteElo "2087"]
[BlackElo "2283"]
[PlyCount "70"]
[EventDate "2015.01.09"]
[EventType "tourn"]
[EventRounds "10"]
[EventCountry "IND"]
[SourceTitle "CBM 164 Extra"]
[Source "ChessBase"]
[SourceDate "2015.03.02"]
[SourceVersion "1"]
[SourceVersionDate "2015.03.02"]
[SourceQuality "1"]

1. d4 d5 2. c4 dxc4 3. e4 e5 4. Nf3 exd4 5. Bxc4 Bb4+ 6. Nbd2 Nc6 7. 0-0 Be6 8. Qb3 Qd7 9. a3 Bxd2 10. Bxd2 0-0-0 11. Ng5 Bxc4 12. Qxc4 Nh6 13. Rfe1 Rhe8 14. f4 f6 15. Nf3 Nf7 16. Rac1 g5 17. fxg5 fxg5 18. Nxg5 Nfe5 19. Qe2 Rg8 20. Kh1 h6 21. Nh3 Qg4 22. Nf4 Qxe2 23. Rxe2 Rd6 24. Rc5 Rf8 25. g3 Re8 26. Kg2 b6 27. Rc1 a5 28. Be1 Ng4 29. Bd2 Nce5 30. Nd5 c5 31. Bf4 Kd7 32. Rd2 Nf6 33. Nxb6+ Rxb6 34. Rxc5 Nc6 35. Rh5 Nxh5 0-1

[Event "New Delhi Parsvnath op 13th"]
[Site "New Delhi"]
[Date "2015.01.11"]
[Round "4"]
[White "Narayanan, Srinath"]
[Black "Murali Krishnan, BT."]
[Result "1-0"]
[WhiteElo "2477"]
[BlackElo "2283"]
[PlyCount "85"]
[EventDate "2015.01.09"]
[EventType "tourn"]
[EventRounds "10"]
[EventCountry "IND"]
[SourceTitle "CBM 164 Extra"]
[Source "ChessBase"]
[SourceDate "2015.03.02"]
[SourceVersion "1"]
[SourceVersionDate "2015.03.02"]
[SourceQuality "1"]

1. e4 e6 2. d4 d5 3. Nd2 c5 4. exd5 Qxd5 5. Ngf3 cxd4 6. Bc4 Qd6 7. 0-0 Nc6 8. Nb3 Nf6 9. Nbxd4 Nxd4 10. Nxd4 a6 11. Re1 Qc7 12. Qe2 Bd7 13. Bg5 0-0-0 14. Nf3 Bc6 15. Ne5 Kb8 16. Bf4 Bd6 17. Rad1 Bd5 18. Bd3 Nd7 19. Nxd7+ Rxd7 20. Bxd6 Rxd6 21. c4 Bc6 22. Bc2 g6 23. Rxd6 Qxd6 24. Rd1 Qf4 25. b4 Qg5 26. g3 Qf6 27. f4 Rd8 28. Qe5+ Qxe5 29. Rxd8+ Kc7 30. fxe5 Kxd8 31. a4 Ke7 32. Kf2 f5 33. Ke3 g5 34. Kd4 h6 35. b5 axb5 36. cxb5 Bg2 37. a5 Bf1 38. Kc5 h5 39. Bd1 g4 40. b6 Bg2 41. Kd4 Kd7 42. Ba4+ Bc6 43. a6 1-0

[Event "Mumbai Mayors Cup 7th"]
[Site "Mumbai"]
[Date "2014.06.03"]
[Round "2"]
[White "Aleksandrov, Aleksej"]
[Black "Murali Krishnan, BT."]
[Result "1-0"]
[WhiteElo "2554"]
[BlackElo "2314"]
[PlyCount "121"]
[EventDate "2014.06.02"]
[EventType "swiss"]
[EventRounds "10"]
[EventCountry "IND"]
[SourceTitle "CBM 160 Extra"]
[Source "ChessBase"]
[SourceDate "2014.07.01"]
[SourceVersion "1"]
[SourceVersionDate "2014.07.01"]
[SourceQuality "1"]

1. d4 d5 2. c4 e6 3. Nc3 Nf6 4. cxd5 exd5 5. Bg5 Be7 6. e3 h6 7. Bh4 0-0 8. Bd3 b6 9. Nf3 Bb7 10. Qb3 Nbd7 11. Rd1 c6 12. Bg3 Nh5 13. Be5 f6 14. Bg3 f5 15. Ne2 g5 16. Bb1 Qe8 17. Ne5 Bd6 18. Nf7 Rxf7 19. Bxd6 Qe6 20. Ba3 f4 21. e4 Ba6 22. f3 Re8 23. Nc3 g4 24. Qc2 dxe4 25. Qxe4 Rg7 26. Kd2 gxf3 27. gxf3 Ndf6 28. Qxe6+ Rxe6 29. Rdg1 Re3 30. Rxg7+ Nxg7 31. Rg1 Rxf3 32. Ne4 Nd5 33. Bd6 Kf7 34. Be5 Ne8 35. Bc2 Rh3 36. Rg2 Bc4 37. b3 Ba6 38. Nf2 Rc3 39. Bg6+ Ke7 40. Nd3 Bxd3 41. Bxd3 a5 42. Re2 Kd8 43. Rf2 a4 44. bxa4 Ra3 45. Bc4 Rxa4 46. Bb3 Ra7 47. Kd3 Rf7 48. Bxd5 cxd5 49. Rxf4 Rxf4 50. Bxf4 h5 51. Be5 Ke7 52. Ke3 b5 53. Kf4 Nf6 54. Bxf6+ Kxf6 55. a3 h4 56. h3 Kg6 57. Ke5 Kg5 58. Kxd5 Kf4 59. Kc5 Kg3 60. d5 Kxh3 61. d6 1-0

[Event "IND-chB 52nd"]
[Site "Dharamshala"]
[Date "2014.05.15"]
[Round "9"]
[White "Vishnu, Prasanna V"]
[Black "Murali Krishnan, BT."]
[Result "1/2-1/2"]
[WhiteElo "2467"]
[BlackElo "2299"]
[PlyCount "47"]
[EventDate "2014.05.09"]
[EventType "swiss"]
[EventRounds "13"]
[EventCountry "IND"]
[SourceTitle "CBM 160 Extra"]
[Source "ChessBase"]
[SourceDate "2014.07.01"]
[SourceVersion "1"]
[SourceVersionDate "2014.07.01"]
[SourceQuality "1"]

1. d4 d5 2. c4 dxc4 3. e4 c5 4. d5 Nf6 5. Nc3 e6 6. Bxc4 exd5 7. exd5 a6 8. Nf3 Bd6 9. 0-0 0-0 10. Bg5 h6 11. Bh4 Re8 12. Qc2 b5 13. Bd3 g5 14. Bg3 c4 15. Bf5 Bxf5 16. Qxf5 b4 17. Nd1 Bxg3 18. fxg3 Nbd7 19. Nf2 Qb6 20. Rad1 Re2 21. Nd4 Re5 22. Qf3 Rxd5 23. Nf5 Ne5 24. Nxh6+ 1/2-1/2

[Event "Chennai op"]
[Site "Chennai"]
[Date "2013.11.17"]
[Round "3"]
[White "Neverov, Valeriy"]
[Black "Murali Krishnan, BT."]
[Result "0-1"]
[WhiteElo "2508"]
[BlackElo "2312"]
[PlyCount "99"]
[EventDate "2013.11.15"]
[EventType "swiss"]
[EventRounds "11"]
[EventCountry "IND"]
[SourceTitle "CBM 157 Extra"]
[Source "ChessBase"]
[SourceDate "2013.12.19"]
[SourceVersion "1"]
[SourceVersionDate "2013.12.19"]
[SourceQuality "1"]

1. c4 e6 2. d4 d5 3. Nc3 Nf6 4. cxd5 exd5 5. Bg5 Be7 6. e3 c6 7. Bd3 Nbd7 8. h3 Nf8 9. Qc2 Ne6 10. Bh4 g6 11. Nge2 Nh5 12. Bxe7 Qxe7 13. 0-0-0 Bd7 14. Kb1 Nc7 15. Ka1 Ng7 16. Nf4 Bf5 17. g4 Bxd3 18. Nxd3 Nge6 19. h4 h5 20. g5 0-0 21. Ne5 Ne8 22. Rh3 Nd6 23. Rf3 Ng7 24. Rf6 Nde8 25. Rf4 Nd6 26. Rf6 Nde8 27. Rf4 Nd6 28. Rh1 Rad8 29. Ne2 Ndf5 30. Ng3 Rd6 31. Nxf5 Nxf5 32. Rxf5 gxf5 33. Qxf5 Kg7 34. f4 a6 35. a3 Rh8 36. Qd3 Kf8 37. f5 Rg8 38. f6 Qe6 39. Qh7 c5 40. Qxh5 Ke8 41. dxc5 Rd8 42. Nf3 Qe4 43. Rd1 Rd7 44. Nd4 Kd8 45. c6 bxc6 46. Nxc6+ Kc7 47. Ne7 Rb8 48. Qxf7 Qc2 49. Nxd5+ Kd6 50. Ne7+ 0-1

[Event "Mumbai Mayors Cup 6th"]
[Site "Mumbai"]
[Date "2013.05.30"]
[Round "2"]
[White "Pantsulaia, Levan"]
[Black "Murali Krishnan, BT."]
[Result "1-0"]
[WhiteElo "2563"]
[BlackElo "2301"]
[PlyCount "87"]
[EventDate "2013.05.29"]
[EventType "swiss"]
[EventRounds "11"]
[EventCountry "IND"]
[SourceTitle "CBM 154 Extra"]
[Source "ChessBase"]
[SourceDate "2013.06.25"]
[SourceVersion "2"]
[SourceVersionDate "2013.06.25"]
[SourceQuality "1"]

1. Nf3 d5 2. g3 Nf6 3. Bg2 c6 4. c4 e6 5. 0-0 Be7 6. b3 0-0 7. Bb2 a5 8. Nc3 d4 9. Na4 c5 10. e3 Nc6 11. exd4 cxd4 12. Re1 Rb8 13. Qc2 b6 14. a3 Ba6 15. d3 Qd6 16. Bc1 Nd7 17. Nd2 e5 18. f4 f5 19. Nf3 Bf6 20. fxe5 Ncxe5 21. b4 Bb7 22. Nxe5 Nxe5 23. Bf4 Bxg2 24. Qxg2 axb4 25. axb4 Rbe8 26. b5 Qd8 27. Bxe5 Rxe5 28. Rxe5 Bxe5 29. Nxb6 f4 30. Ra8 Bb8 31. Qd5+ Qxd5 32. Nxd5 fxg3 33. Ne7+ Kf7 34. Nc6 gxh2+ 35. Kg2 Bf4 36. Rxf8+ Kxf8 37. b6 Ke8 38. b7 Kd7 39. b8Q Bxb8 40. Nxb8+ Kd6 41. Na6 g5 42. Nb4 h5 43. Kxh2 Ke6 44. Nc6 1-0

[Event "Chennai op 5th"]
[Site "Chennai"]
[Date "2013.01.23"]
[Round "11"]
[White "Murali Krishnan, BT."]
[Black "Suresh, Kumar TJ"]
[Result "1-0"]
[WhiteElo "2320"]
[BlackElo "2145"]
[PlyCount "49"]
[EventDate "2013.01.16"]
[EventType "swiss"]
[EventRounds "11"]
[EventCountry "IND"]
[SourceTitle "CBM 152 Extra"]
[Source "ChessBase"]
[SourceDate "2013.02.25"]
[SourceVersion "1"]
[SourceVersionDate "2013.02.25"]
[SourceQuality "1"]

1. d4 d5 2. c4 c6 3. Nf3 Nf6 4. Nc3 e6 5. g3 Nbd7 6. Bg2 Be7 7. 0-0 0-0 8. Nd2 b6 9. e4 dxe4 10. Ndxe4 Bb7 11. Qc2 Nxe4 12. Nxe4 Nf6 13. Rd1 Qc8 14. Bg5 Re8 15. Nxf6+ Bxf6 16. Bxf6 gxf6 17. Qe4 e5 18. Qh4 f5 19. Qg5+ Kf8 20. Bh3 Qe6 21. dxe5 c5 22. f4 Qxc4 23. Qh6+ Kg8 24. Bxf5 Re6 25. Bxh7+ 1-0

[Event "Chennai op 5th"]
[Site "Chennai"]
[Date "2013.01.22"]
[Round "10"]
[White "Negi, VS."]
[Black "Murali Krishnan, BT."]
[Result "0-1"]
[WhiteElo "2092"]
[BlackElo "2320"]
[PlyCount "56"]
[EventDate "2013.01.16"]
[EventType "swiss"]
[EventRounds "11"]
[EventCountry "IND"]
[SourceTitle "CBM 152 Extra"]
[Source "ChessBase"]
[SourceDate "2013.02.25"]
[SourceVersion "1"]
[SourceVersionDate "2013.02.25"]
[SourceQuality "1"]

1. e4 e6 2. d3 d5 3. Nd2 Nf6 4. Ngf3 b6 5. c3 c5 6. e5 Nfd7 7. d4 Be7 8. Bb5 a6 9. Bd3 Nc6 10. 0-0 a5 11. Re1 Ba6 12. Bxa6 Rxa6 13. Nf1 b5 14. Ng3 0-0 15. Qd3 Rb6 16. Bf4 b4 17. c4 cxd4 18. cxd5 Nc5 19. Qc4 exd5 20. Qc2 b3 21. Qd1 bxa2 22. Nf5 Rxb2 23. N3xd4 Nxd4 24. Qxd4 Rb4 25. Qe3 Ne6 26. Bg3 Bc5 27. Qe2 Qb6 28. Qxa2 Rb2 0-1

[Event "Chennai op 5th"]
[Site "Chennai"]
[Date "2013.01.20"]
[Round "8"]
[White "Singh, DP."]
[Black "Murali Krishnan, BT."]
[Result "1/2-1/2"]
[WhiteElo "2257"]
[BlackElo "2320"]
[PlyCount "51"]
[EventDate "2013.01.16"]
[EventType "swiss"]
[EventRounds "11"]
[EventCountry "IND"]
[SourceTitle "CBM 152 Extra"]
[Source "ChessBase"]
[SourceDate "2013.02.25"]
[SourceVersion "1"]
[SourceVersionDate "2013.02.25"]
[SourceQuality "1"]

1. d4 d5 2. Nf3 Nf6 3. Nbd2 c5 4. dxc5 Qa5 5. e3 g6 6. c4 Bg7 7. cxd5 0-0 8. Qb3 Nbd7 9. c6 Nc5 10. Qc4 Nce4 11. Bd3 Nd6 12. Qb3 Nxd5 13. cxb7 Bxb7 14. 0-0 Rab8 15. Qd1 Rfd8 16. Nb3 Qb6 17. Bd2 Nb4 18. Bxb4 Qxb4 19. Qe2 a5 20. Rac1 a4 21. Nbd4 e5 22. Nc2 Qxb2 23. e4 Qxa2 24. Ra1 Qe6 25. Rxa4 h6 26. Nd2 1/2-1/2